[Event "Vienna op 14th"]
[Site "Vienna"]
[Date "2003.08.21"]
[Round "6"]
[White "Bachofner, Christian"]
[Black "Kleiser, Gregor"]
[Result "1-0"]
[WhiteElo "2159"]
[BlackElo "2240"]
[PlyCount "175"]
[EventDate "2003.08.16"]
[EventType "swiss"]
[EventRounds "9"]
[EventCountry "AUT"]
[SourceTitle "CBM 095 Extra"]
[Source "ChessBase"]
[SourceDate "2003.09.04"]
[SourceVersion "1"]
[SourceVersionDate "2003.09.04"]
[SourceQuality "1"]

1. e4 c5 2. Nf3 d6 3. d4 cxd4 4. Nxd4 Nf6 5. Nc3 a6 6. Bc4 e6 7. Bb3 Be7 8. Be3 Qa5 9. 0-0 Qh5 10. Qxh5 Nxh5 11. a4 Nd7 12. f3 b6 13. g4 Nhf6 14. Nc6 Bb7 15. Nxe7 Kxe7 16. Rad1 Rac8 17. Rd2 Rhd8 18. Rfd1 Nc5 19. Ba2 Rd7 20. g5 Ne8 21. Bd4 Bc6 22. Bb3 Nxb3 23. cxb3 Rb7 24. b4 b5 25. e5 bxa4 26. exd6+ Kd7 27. Bc5 a5 28. bxa5 Bxf3 29. a6 Rb5 30. Nxb5 Rxc5 31. Rf1 Rxg5+ 32. Kf2 Bc6 33. Nd4 Ba8 34. b4 axb3 35. Nxb3 Rb5 36. Rd3 Nxd6 37. Rfd1 Rb6 38. a7 Ke7 39. Rc1 Rb7 40. Ra1 Nb5 41. Nd4 Rd7 42. Ke3 Nxa7 43. Rda3 Nc6 44. Nxe6 Nb4 45. Nxg7 Nc2+ 46. Kf4 Nxa3 47. Nf5+ Kf8 48. Rxa3 Bh1 49. Ke5 Rc7 50. Rb3 Rc5+ 51. Kf6 Rc6+ 52. Ke5 f6+ 53. Kd4 Re6 54. Re3 Ra6 55. Rc3 Kf7 56. Ke3 Ra2 57. h3 Ra4 58. Nd4 Kg6 59. Ne2 f5 60. Kf2 Ra2 61. Ke3 Kg5 62. Nf4 Be4 63. Ne2 h5 64. Ng3 Ra4 65. Nxe4+ Rxe4+ 66. Kf3 Ra4 67. Kg3 h4+ 68. Kf3 Ra2 69. Rc8 Ra3+ 70. Kg2 Re3 71. Rg8+ Kf4 72. Rh8 Re2+ 73. Kf1 Ra2 74. Rxh4+ Kf3 75. Ke1 f4 76. Rh8 Ra1+ 77. Kd2 Kf2 78. h4 Ra7 79. h5 Rd7+ 80. Kc3 f3 81. h6 Rf7 82. h7 Kf1 83. Kd2 f2 84. Kd3 Rd7+ 85. Kc3 Rg7 86. Kd2 Rg3 87. Kc2 Rh3 88. Kd1 1-0